| 000 | 00467cam a2200193ua 4500 | ||
|---|---|---|---|
| 020 | _c180.00 | ||
| 041 |
_aeng _h |
||
| 082 |
_a621.815 _bPAN/MA |
||
| 100 | _aPandya, N C . | ||
| 245 |
_aMachine Design / _cN C Pandya. _hTextual Documents |
||
| 250 |
_a13 / _b. |
||
| 260 |
_aNew Delhi,Tulsi : _bCharotar book stall , _c1997. |
||
| 300 | _a1064 ; . | ||
| 365 | _a180.00 | ||
| 504 | _a | ||
| 700 | 1 | _aShah, C S . | |
| 942 | _cBK | ||
| 999 |
_c11343 _d11343 |
||